<?xml version="1.0" encoding="UTF-8"?>
<record
    xmlns:xsi="http://www.w3.org/2001/XMLSchema-instance"
    xsi:schemaLocation="http://www.loc.gov/MARC21/slim http://www.loc.gov/standards/marcxml/schema/MARC21slim.xsd"
    xmlns="http://www.loc.gov/MARC21/slim">

  <leader>00306nam a2200121Ia 4500</leader>
  <controlfield tag="008">150731s2014    xx            000 0 und d</controlfield>
  <datafield tag="082" ind1=" " ind2=" ">
    <subfield code="a">618.1</subfield>
    <subfield code="b">G 14 S</subfield>
  </datafield>
  <datafield tag="100" ind1=" " ind2=" ">
    <subfield code="a">SATHUA,SIDHESWAR</subfield>
  </datafield>
  <datafield tag="245" ind1=" " ind2=" ">
    <subfield code="a">GARBHA VIJNANA (EMBNYOLOGY)</subfield>
  </datafield>
  <datafield tag="260" ind1=" " ind2=" ">
    <subfield code="b">CHAUKHAMBHA PUB. NEW DELHI</subfield>
    <subfield code="c">2014</subfield>
  </datafield>
  <datafield tag="300" ind1=" " ind2=" ">
    <subfield code="a">199</subfield>
  </datafield>
  <datafield tag="942" ind1=" " ind2=" ">
    <subfield code="2">ddc</subfield>
    <subfield code="c">BK</subfield>
  </datafield>
  <datafield tag="952" ind1=" " ind2=" ">
    <subfield code="0">0</subfield>
    <subfield code="1">0</subfield>
    <subfield code="2">ddc</subfield>
    <subfield code="4">0</subfield>
    <subfield code="7">0</subfield>
    <subfield code="8">FA</subfield>
    <subfield code="a">APL</subfield>
    <subfield code="b">APL</subfield>
    <subfield code="d">2015-09-14</subfield>
    <subfield code="e">CHAUKHAMBHA PUB. NEW DELHI</subfield>
    <subfield code="g">225.00</subfield>
    <subfield code="i">SGTU</subfield>
    <subfield code="l">0</subfield>
    <subfield code="o">618.1 G 14 S</subfield>
    <subfield code="p">FA886</subfield>
    <subfield code="r">2022-03-24 00:00:00</subfield>
    <subfield code="w">2014-09-27</subfield>
    <subfield code="y">BK</subfield>
    <subfield code="k">CP/B453</subfield>
  </datafield>
  <datafield tag="952" ind1=" " ind2=" ">
    <subfield code="0">0</subfield>
    <subfield code="1">0</subfield>
    <subfield code="2">ddc</subfield>
    <subfield code="4">0</subfield>
    <subfield code="7">0</subfield>
    <subfield code="8">FA</subfield>
    <subfield code="a">APL</subfield>
    <subfield code="b">APL</subfield>
    <subfield code="d">2015-09-14</subfield>
    <subfield code="e">CHAUKHAMBHA PUB. NEW DELHI</subfield>
    <subfield code="g">225.00</subfield>
    <subfield code="i">SGTU</subfield>
    <subfield code="l">0</subfield>
    <subfield code="o">618.1 G 14 S</subfield>
    <subfield code="p">FA887</subfield>
    <subfield code="r">2015-09-14 00:00:00</subfield>
    <subfield code="w">2014-09-27</subfield>
    <subfield code="y">BK</subfield>
    <subfield code="k">CP/B453</subfield>
  </datafield>
  <datafield tag="952" ind1=" " ind2=" ">
    <subfield code="0">0</subfield>
    <subfield code="1">0</subfield>
    <subfield code="2">ddc</subfield>
    <subfield code="4">0</subfield>
    <subfield code="7">0</subfield>
    <subfield code="8">FA</subfield>
    <subfield code="a">APL</subfield>
    <subfield code="b">APL</subfield>
    <subfield code="d">2015-09-14</subfield>
    <subfield code="e">CHAUKHAMBHA PUB. NEW DELHI</subfield>
    <subfield code="g">225.00</subfield>
    <subfield code="i">SGTU</subfield>
    <subfield code="l">0</subfield>
    <subfield code="o">618.1 G 14 S</subfield>
    <subfield code="p">FA888</subfield>
    <subfield code="r">2015-09-14 00:00:00</subfield>
    <subfield code="w">2014-09-27</subfield>
    <subfield code="y">BK</subfield>
    <subfield code="k">CP/B453</subfield>
  </datafield>
  <datafield tag="952" ind1=" " ind2=" ">
    <subfield code="0">0</subfield>
    <subfield code="1">0</subfield>
    <subfield code="2">ddc</subfield>
    <subfield code="4">0</subfield>
    <subfield code="7">0</subfield>
    <subfield code="8">FA</subfield>
    <subfield code="a">APL</subfield>
    <subfield code="b">APL</subfield>
    <subfield code="d">2015-09-14</subfield>
    <subfield code="e">CHAUKHAMBHA PUB. NEW DELHI</subfield>
    <subfield code="g">225.00</subfield>
    <subfield code="i">SGTU</subfield>
    <subfield code="l">2</subfield>
    <subfield code="o">618.1 G 14 S</subfield>
    <subfield code="p">FA889</subfield>
    <subfield code="r">2018-10-06 00:00:00</subfield>
    <subfield code="s">2018-09-24</subfield>
    <subfield code="w">2014-09-27</subfield>
    <subfield code="y">BK</subfield>
    <subfield code="k">CP/B453</subfield>
  </datafield>
  <datafield tag="952" ind1=" " ind2=" ">
    <subfield code="0">0</subfield>
    <subfield code="1">0</subfield>
    <subfield code="2">ddc</subfield>
    <subfield code="4">0</subfield>
    <subfield code="7">0</subfield>
    <subfield code="8">FA</subfield>
    <subfield code="a">APL</subfield>
    <subfield code="b">APL</subfield>
    <subfield code="d">2015-09-14</subfield>
    <subfield code="e">CHAUKHAMBHA PUB. NEW DELHI</subfield>
    <subfield code="g">225.00</subfield>
    <subfield code="i">SGTU</subfield>
    <subfield code="l">0</subfield>
    <subfield code="o">618.1 G 14 S</subfield>
    <subfield code="p">FA890</subfield>
    <subfield code="r">2015-09-14 00:00:00</subfield>
    <subfield code="w">2014-09-27</subfield>
    <subfield code="y">BK</subfield>
    <subfield code="k">CP/B453</subfield>
  </datafield>
  <datafield tag="999" ind1=" " ind2=" ">
    <subfield code="c">7774</subfield>
    <subfield code="d">7774</subfield>
  </datafield>
</record>
